| 000 | 00976cam a2200301 4500 | ||
|---|---|---|---|
| 999 |
_c23289 _d23289 |
||
| 001 | 771789 | ||
| 003 | BDDh-ASL | ||
| 005 | 20231015030224.0 | ||
| 008 | 720904s1972 azu b 000 0 eng | ||
| 010 | _a 72083465 | ||
| 020 | _a0816503648 | ||
| 040 |
_aDLC _cDLC _dDLC _dBDDh-ASL |
||
| 043 | _aas----- | ||
| 050 | 0 | 0 |
_aDS3.A2 _bT45 vol. 3 _aDS335 |
| 082 | 0 | 0 |
_a950 _bHAS |
| 245 | 0 | 0 |
_aSouth and Southeast Asia, Vol.3 / _cJohn A. Harrison, editor. |
| 260 |
_aTucson: _bUniversity of Arizona Press, _c[1972] |
||
| 300 |
_ax, 246 p. : _c26 cm. |
||
| 490 | 0 | _aThirtieth anniversary commemorative series, v. 3 | |
| 500 | _aOn spine: Asia: enduring scholarship. | ||
| 504 | _aIncludes bibliographical references. | ||
| 651 | 0 |
_aSouth Asia _xCivilization. |
|
| 651 | 0 |
_aSoutheast Asia _xCivilization. |
|
| 700 | 1 |
_aHarrison, John Armstrong, _eed. |
|
| 740 | 0 | _aAsia: enduring scholarship. | |
| 906 |
_a7 _bcbc _corignew _d2 _eopcn _f19 _gy-gencatlg |
||
| 942 |
_2ddc _cBK |
||